00883cam a22002533a 450000100060000000300060000600500170001200800410002904000150007004200070008505000090009210000390010124501280014026000290026850600300029751600200032765300380034765300460038565300330043165300450046465300490050983000290055885600420058720290PGUSA20140828083429.0070105s2007||||xxu|||||s|||||000 | eng d aPGUSAbeng adc 4aF1061 aPoore, Benjamin Perley,d1820-188710aPerley's Reminiscences, v. 1-2 :bof Sixty Years in the National Metropolish[electronic resource] /cBenjamin Perley Poore bProject Gutenberg,c2007 aPublic domain in the USA. aElectronic text aPoore, Benjamin Perley, 1820-1887 aJournalists -- United States -- Biography aWashington (D.C.) -- History aUnited States -- Politics and government aWashington (D.C.) -- Social life and customs 0aProject Gutenbergv2029040uhttp://www.gutenberg.org/ebooks/20290